Pantun jenaka (Record no. 91656)

MARC details
000 -LEADER
fixed length control field 00727nam a2200265 i 4500
001 - CONTROL NUMBER
control field C2-0285840
003 - CONTROL NUMBER IDENTIFIER
control field PPAK
005 - DATE AND TIME OF LATEST TRANSACTION
control field 20180728015424.0
008 - FIXED-LENGTH DATA ELEMENTS--GENERAL INFORMATION
fixed length control field 080114s2007 my a|||| ||||| | may d
020 ## - INTERNATIONAL STANDARD BOOK NUMBER
International Standard Book Number 9789833449521
040 ## - CATALOGING SOURCE
Original cataloging agency PPAK
Language of cataloging eng
Transcribing agency PPAK
Description conventions rda
082 04 - DEWEY DECIMAL CLASSIFICATION NUMBER
Classification number 899.231
Edition number 23
090 00 - LOCALLY ASSIGNED LC-TYPE CALL NUMBER (OCLC); LOCAL CALL NUMBER (RLIN)
Classification number (OCLC) (R) ; Classification number, CALL (RLIN) (NR) 899.231
Feature heading PAN
Feature heading K
245 00 - TITLE STATEMENT
Title Pantun jenaka
264 #1 - PRODUCTION, PUBLICATION, DISTRIBUTION, MANUFACTURE, AND COPYRIGHT NOTICE
Place of production, publication, distribution, manufacture Kuala Lumpur :
Name of producer, publisher, distributor, manufacturer Pustaka Buana ,
Date of production, publication, distribution, manufacture, or copyright notice 2007
300 ## - PHYSICAL DESCRIPTION
Extent 28 pages :
Other physical details illustrations ;
Dimensions 22 cm
336 ## - CONTENT TYPE
Source rdacontent
Content type term text
337 ## - MEDIA TYPE
Source rdamedia
Media type term unmediated
338 ## - CARRIER TYPE
Source rdacarrier
Carrier type term volume
490 1# - SERIES STATEMENT
Series statement Siri seloka khazanah pantun
650 10 - SUBJECT ADDED ENTRY--TOPICAL TERM
Topical term or geographic name entry element Malay poetry.
700 0# - ADDED ENTRY--PERSONAL NAME
Personal name Khairi Aziz,
Relator term compile
830 #0 - SERIES ADDED ENTRY--UNIFORM TITLE
Uniform title Siri seloka khazanah pantun
942 ## - ADDED ENTRY ELEMENTS (KOHA)
-- dc
Koha item type Book
Holdings
Withdrawn Not for loan Current library Shelving location Date acquired Full call number Barcode Date last seen Koha item type Total Checkouts Total Renewals Date last checked out
    Perpustakaan Alor Setar Pinjaman Kanak-kanak 14/01/2008 K 899.231 PAN A01217341 09/05/2018 Book      
    Perpustakaan Awam Sungai Petani Pinjaman Kanak-kanak 14/01/2008 K 899.231 PAN A01217342 25/06/2023 Book 2 1 03/06/2023
    Perpustakaan Awam Sungai Petani Pinjaman Kanak-kanak 14/01/2008 K 899.231 PAN A01217351 09/10/2023 Book 1   25/09/2023
    Perpustakaan Baling Pinjaman Kanak-kanak 14/01/2008 K 899.231 PAN A01217348 09/05/2018 Book      
    Perpustakaan Bandar Baharu Pinjaman Kanak-kanak 14/01/2008 K 899.231 PAN A01217349 09/05/2018 Book      
    Perpustakaan Jitra Pinjaman Kanak-kanak 14/01/2008 K 899.231 PAN A01217343 09/05/2018 Book      
    Perpustakaan Kuala Nerang Pinjaman Kanak-kanak 14/01/2008 K 899.231 PAN A01217350 09/05/2018 Book      
    Perpustakaan Kulim Pinjaman Kanak-kanak 14/01/2008 K 899.231 PAN A01217345 09/05/2018 Book      
    Perpustakaan Langkawi Pinjaman Kanak-kanak 14/01/2008 K 899.231 PAN A01217344 09/05/2018 Book      
    Perpustakaan Sik Pinjaman Kanak-kanak 14/01/2008 K 899.231 PAN A01217347 09/05/2018 Book      
    Perpustakaan Yan Pinjaman Kanak-kanak 14/01/2008 K 899.231 PAN A01217346 09/05/2018 Book